000 00715nam a2200205Ia 4500
005 20260121110121.0
008 008 260114s9999 xx 000 0 hin d
020 _a9788132364993
037 _aEBOOK
040 _aCRL
_bhin
_cCRL
041 _ahin
_2hin
084 _qCRL
100 _aरविंदर चौहान / Ravinder Choudhary
_9942253
245 0 _aविश्व की प्रमुख सभ्यताओं का इतिहास / Vishv ki Pramukh Sabhyataon ka Itihas
260 _bभाषा प्रकाशन / Bhasha Prakashan
_c2021
856 _uhttps://bhashaprakashan.com/product-details/379150
942 _cEBOOK
999 _c1533918
_d1533918